00477nam a2200145Ia 4500020001800000082002100018100001600039245006900055260003900124300001000163504000800173650001000181650012100191700001900312 a0-8039-9483-4 aRR 324.954 SIN-E aSingh, V.B. 0aElections in India: data handbook on Lok Sabha Elections 1952-80 aNew DelhibSage Publicationsc1984 a642p. aref aIndia aElections - Statistics - India - 1952-80 - Lok Sabha - Elections - xStatistics - Elections - Handbooks, manuals, etc aBose, Shankar